Broadway Musicals by Marquee Quiz Stats

 Plays Quiz Updated Nov 8, 2014

Challenge
Share
Tweet
Score 0/20 Timer 05:00
16 Plays Today
% Correct
The Lion King
99.3%
The Phantom of the Opera
97.8%
Annie
93.3%
Les Misérables
88.9%
Wicked
88.9%
Fiddler on the Roof
80.3%
A Chorus Line
77.7%
The Addams Family
76.5%
Newsies
73.8%
The Book of Mormon
72.4%
% Correct
Evita
68.8%
Chicago
64.9%
A Christmas Story
63.1%
Spamalot
61.6%
You're a Good Man, Charlie Brown
54.5%
Billy Elliot
54.3%
How to Succeed in Business Without Really Trying
52.8%
Catch Me If You Can
43.8%
Once
37.4%
Sunday in the Park with George
30.9%

You're not logged in!

Compare scores with friends on all Sporcle quizzes.
OR
Log In

You Might Also Like...

Show Comments

Extras

Top Quizzes Today


Score Distribution

Your Account Isn't Verified!

In order to create a playlist on Sporcle, you need to verify the email address you used during registration. Go to your Sporcle Settings to finish the process.

Report this User

Report this user for behavior that violates our Community Guidelines.

Details: